Czy wiesz w jakim klubie gra ten piłkarz? - Statystyki

Ogólne statystyki
  • Ten quiz został rozwiązany 978 razy
  • Średni wynik to 23 z 50
Statystyki odpowiedzi
Piłkarz Klub % Poprawnych
Lionel Messi FC Barcelona
97%
Cristiano Ronaldo Juventus
97%
Robert Lewandowski Bayern Monachium
91%
Paul Pogba Manchester United
91%
Marco Reus Borussia Dortmund
86%
Mohammed Salah Liverpool
86%
Sergio Aguero Manchester City
85%
Krzysztof Piątek AC Milan
84%
Antoine Griezmann Atletico Madryt
84%
Eden Hazard Chelsea
83%
Arkadiusz Milik Napoli
83%
Neymar Jr. Paris Saint Germain
83%
Edin Dzeko AS Roma
77%
Matthijas De Light Ajax Amsterdam
69%
Ciro Immobile Lazio Rzym
67%
Sebastian Szymański Legia Warszawa
60%
Jesus Vallejo Real Madryt
60%
Lucas Moura Tottenham
57%
Fabio Qualiarella Sampdoria Genua
53%
Maciej Makuszewski Lech Poznań
50%
Radamel Falcao As Monaco
49%
Ondrej Duda Hertha Berlin
49%
Florian Thauvin Olimpique Marsylia
49%
Federico Chiesa Fiorentina
48%
Goncalo Guedes Valencia
46%
Igor Angulo Górnik Zabrze
45%
Mateo Politano Inter Mediolan
45%
Tomasz Kędziora Dynamo Kijów
41%
Thiago Cionek Spal
38%
Maciej Rybus Lokomotiw Moskwa
35%
Charles Aranguiz Bayer 04 Leverkusen
33%
Sebastian Haller Eintracht Frankfurt
32%
Jonathan Dos Santos LA Galaxy
31%
Gabriel Mercado Sevilla
29%
Marian Kelemen Jagiellonia Białystok
28%
Andres Iniesta Vissel Kobe
28%
Wayne Rooney DC United
24%
Bruno Soriano Villareal
18%
Lorenzo De Silvestri Torino
16%
Miroslav Stoch Slavia Praga
13%
Ki Sung-yong Newcastle
12%
Yannick Bolasie RSC Anderlecht
12%
Elia Soriano Korona Kielce
11%
Takashi Inui Deportivo Alaves
10%
Ishak Belfodill Hoffenheim
10%
Alexandru Maxim Fsv Mainz
9%
Nicklas Bendtner Rosenborg
9%
Harry Arter Cardiff City
7%
Robin Van Persie Feynoord Rotterdam
4%
Przemysław Kita Olimpia Grudziądz
2%
Nie znaleziono quizów pasujących do podanych kryteriów
Rozkład punktacji
Procent ludzi z każdym wynikiem
Percentyl według liczby udzielonych odpowiedzi
Twoja historia wyników
Nie rozwiązałeś tego quizu